000 00531nam a2200229Ia 4500
001 12192
003 GE_BSU
008 181216s||||||||xx |||||||||||||| ||und||
020 _a9785388001696
040 _cGE_BSU
080 _a316(075.8)
100 _aНазаренко,С.В.
245 _aСоциология
250 _a2-ое
260 _aМосква-СПБ
260 _bПитер
260 _c2009
300 _a496 стр.Илл.21см.
541 _h17Л.
653 _aСоциология
942 _cBK
999 _c45368
_d45368